1932 1484 1594 1334 1967 1126 1115 1613 1298 1346 1070 1625 1936 1578 1154 1203 1576 1312 1155 1829 1526 1997 1380 1631 1573 1749 1637 1327 1847 1565 1480 1086 1456 1227 1044 1733 1010 1211 1339 1069 1818 1554 1192 1027 1786 1039 1361 1323 1524 1428 1606 1138 1890 1006 1190 1139 1894 1463 1574 1124 1084 1626 1290 1263 1499 1382 1852 1720 1869 1971 1802 1067 1804 1782 1021 1738 1070 1552 1313 1174 1506 1917 1076 1099 1363 1004 1179 1861 1603 1361 1549 1731 1463 1981 1096 1589 1712 1961 1141 BCNSPRNW ULIB Ver.6.0+V

เปลี่ยนเป็นภาษาไทย

Change to English
 แสดงรายละเอียดบรรณานุกรม
  กลับหน้าหลัก

Brief Record : Get Marc (ISO 2709) : E-mail record : QR code < ปิดหน้าต่าง
LEADER : 00000nam 2200000uu 4500
001    13399113795
003     ULIB
008    120105s2551||||th 000 0 tha d
020    ^a9789741673933
090    ^aนว.^bด898พ 2551
100 0  ^aเดวิล อิน เลิฟ
245 00 ^aพิศวาสสุดหัวใจ/^cเดวิล อิน เิลิฟ
250    ^aพิมพ์ครั้งที่ 1
260    ^aกรุงเทพฯ :^bsugar beat ,^c2551
300    ^a288 หน้า
945    ^p200^l0^i15319
995    ^aกัณชพร
999    ^aใช้งานได้ทุกระบบ
รายการนี้ยังไม่มีแท็ก
คุณยังไม่ได้ล็อกอิน คุณสามารถมีกิจกรรมร่วมกับเว็บไซต์ได้ แต่ต้องล็อกอินก่อน ::
  ล็อกอิน

รายการสื่อสารสนเทศ

ลำดับที่ ประเภท เลขเรียก/บาร์โค้ด สถานที่ สถานะ
1. นวนิยาย
นวนิยาย
นว. ด898พ 2551  
  Barcode: 15319
ห้องสมุดวิทยาเขตสวรรค์ประชารักษ์
►นวนิยาย
บนชั้น
  ขอยืม

BibComment


ยังไม่เคยถูกคอมเมนท์

คอมเมนท์ทรัพยากรรายการนี้
  คอมเมนท์: พิศวาสสุดหัวใจ เ..


 Copyright 2026. Bcnsprnw @Library